000 00470nam a2200157Ia 4500
003 IQ-KOUCL
041 _aKurdish
082 _a923,2 cut-979 ع
100 _a20260118u\\\\\\\\\\\y0engy0103\\\\ba
100 _aبارزان محەمەد عەلى
245 0 _aجەمال حەیدەرى ١٩٢٦- ١٩٦٣ رۆڵى سیاسیى ورۆشنبیرى
250 _aچ1
260 _bچاپخانەى رۆژهەڵات
_aهەولیر
_c2019
300 _a351
942 _cBk
999 _c186399
_d186399